<?xml version="1.0" encoding="UTF-8"?>
<record
    xmlns:xsi="http://www.w3.org/2001/XMLSchema-instance"
    xsi:schemaLocation="http://www.loc.gov/MARC21/slim http://www.loc.gov/standards/marcxml/schema/MARC21slim.xsd"
    xmlns="http://www.loc.gov/MARC21/slim">

  <leader>00762nam a2200241Ia 4500</leader>
  <controlfield tag="005">20220211141630.0</controlfield>
  <controlfield tag="008">210716s2009    xx            000 0 und d</controlfield>
  <datafield tag="020" ind1=" " ind2=" ">
    <subfield code="a">0230638430</subfield>
  </datafield>
  <datafield tag="040" ind1=" " ind2=" ">
    <subfield code="c">AIMIT LIBRARY</subfield>
  </datafield>
  <datafield tag="041" ind1=" " ind2=" ">
    <subfield code="a">eng</subfield>
  </datafield>
  <datafield tag="082" ind1=" " ind2=" ">
    <subfield code="a">651.7</subfield>
    <subfield code="2">2</subfield>
    <subfield code="b">MOHK</subfield>
  </datafield>
  <datafield tag="100" ind1=" " ind2=" ">
    <subfield code="a">Mohan, Krishna.</subfield>
    <subfield code="9">19335</subfield>
  </datafield>
  <datafield tag="245" ind1=" " ind2=" ">
    <subfield code="a">Developing communication skills /</subfield>
    <subfield code="c">By Krishna Mohan and Meera Banerji.</subfield>
  </datafield>
  <datafield tag="250" ind1=" " ind2=" ">
    <subfield code="a">2nd ed.</subfield>
  </datafield>
  <datafield tag="260" ind1=" " ind2=" ">
    <subfield code="a">New Delhi :</subfield>
    <subfield code="b">Macmillan Publishers India Ltd.</subfield>
    <subfield code="c">2009.</subfield>
  </datafield>
  <datafield tag="300" ind1=" " ind2=" ">
    <subfield code="a">xii, 388p ;</subfield>
    <subfield code="c">24 cm.</subfield>
  </datafield>
  <datafield tag="650" ind1=" " ind2=" ">
    <subfield code="a">Business Communication</subfield>
    <subfield code="9">19336</subfield>
  </datafield>
  <datafield tag="650" ind1=" " ind2=" ">
    <subfield code="a">Aspects of Communication</subfield>
    <subfield code="9">19337</subfield>
  </datafield>
  <datafield tag="650" ind1=" " ind2=" ">
    <subfield code="a">Oral Communication</subfield>
    <subfield code="9">19338</subfield>
  </datafield>
  <datafield tag="650" ind1=" " ind2=" ">
    <subfield code="a">Written Communication</subfield>
    <subfield code="9">19339</subfield>
  </datafield>
  <datafield tag="700" ind1=" " ind2=" ">
    <subfield code="a">Banerji, Meera.</subfield>
    <subfield code="9">19340</subfield>
  </datafield>
  <datafield tag="942" ind1=" " ind2=" ">
    <subfield code="2">ddc</subfield>
    <subfield code="c">BK</subfield>
    <subfield code="e">2nd</subfield>
    <subfield code="k">651.7 MOHK</subfield>
  </datafield>
  <datafield tag="999" ind1=" " ind2=" ">
    <subfield code="c">204092</subfield>
    <subfield code="d">204092</subfield>
  </datafield>
  <datafield tag="952" ind1=" " ind2=" ">
    <subfield code="0">0</subfield>
    <subfield code="1">0</subfield>
    <subfield code="2">ddc</subfield>
    <subfield code="4">0</subfield>
    <subfield code="7">0</subfield>
    <subfield code="8">MBA</subfield>
    <subfield code="a">AIMIT</subfield>
    <subfield code="b">AIMIT</subfield>
    <subfield code="d">2009-10-20</subfield>
    <subfield code="g">195.00</subfield>
    <subfield code="i">Bill no:9933; Bill dt:2009-10-13</subfield>
    <subfield code="l">0</subfield>
    <subfield code="o">651.7 MOHK</subfield>
    <subfield code="p">MBA06658</subfield>
    <subfield code="r">2026-05-23 00:00:00</subfield>
    <subfield code="v">146.25</subfield>
    <subfield code="w">2021-07-16</subfield>
    <subfield code="y">BK</subfield>
  </datafield>
  <datafield tag="952" ind1=" " ind2=" ">
    <subfield code="0">0</subfield>
    <subfield code="1">0</subfield>
    <subfield code="2">ddc</subfield>
    <subfield code="4">0</subfield>
    <subfield code="7">0</subfield>
    <subfield code="8">MBA</subfield>
    <subfield code="a">AIMIT</subfield>
    <subfield code="b">AIMIT</subfield>
    <subfield code="d">2009-10-20</subfield>
    <subfield code="g">195.00</subfield>
    <subfield code="i">Bill no:9933; Bill dt:2009-10-13</subfield>
    <subfield code="l">0</subfield>
    <subfield code="o">651.7 MOHK</subfield>
    <subfield code="p">MBA06659</subfield>
    <subfield code="r">2026-05-23 00:00:00</subfield>
    <subfield code="v">146.25</subfield>
    <subfield code="w">2021-07-16</subfield>
    <subfield code="y">BK</subfield>
  </datafield>
  <datafield tag="952" ind1=" " ind2=" ">
    <subfield code="0">0</subfield>
    <subfield code="1">0</subfield>
    <subfield code="2">ddc</subfield>
    <subfield code="4">0</subfield>
    <subfield code="7">0</subfield>
    <subfield code="8">MBA</subfield>
    <subfield code="a">AIMIT</subfield>
    <subfield code="b">AIMIT</subfield>
    <subfield code="d">2009-10-20</subfield>
    <subfield code="g">195.00</subfield>
    <subfield code="i">Bill no:9933; Bill dt:2009-10-13</subfield>
    <subfield code="l">0</subfield>
    <subfield code="o">651.7 MOHK</subfield>
    <subfield code="p">MBA06660</subfield>
    <subfield code="r">2026-05-23 00:00:00</subfield>
    <subfield code="v">146.25</subfield>
    <subfield code="w">2021-07-16</subfield>
    <subfield code="y">BK</subfield>
  </datafield>
  <datafield tag="952" ind1=" " ind2=" ">
    <subfield code="0">0</subfield>
    <subfield code="1">0</subfield>
    <subfield code="2">ddc</subfield>
    <subfield code="4">0</subfield>
    <subfield code="7">0</subfield>
    <subfield code="8">MBA</subfield>
    <subfield code="a">AIMIT</subfield>
    <subfield code="b">AIMIT</subfield>
    <subfield code="d">2009-10-20</subfield>
    <subfield code="g">195.00</subfield>
    <subfield code="i">Bill no:9933; Bill dt:2009-10-13</subfield>
    <subfield code="l">0</subfield>
    <subfield code="o">651.7 MOHK</subfield>
    <subfield code="p">MBA06661</subfield>
    <subfield code="r">2026-05-23 00:00:00</subfield>
    <subfield code="v">146.25</subfield>
    <subfield code="w">2021-07-16</subfield>
    <subfield code="y">BK</subfield>
  </datafield>
  <datafield tag="952" ind1=" " ind2=" ">
    <subfield code="0">0</subfield>
    <subfield code="1">0</subfield>
    <subfield code="2">ddc</subfield>
    <subfield code="4">0</subfield>
    <subfield code="7">0</subfield>
    <subfield code="8">MBA</subfield>
    <subfield code="a">AIMIT</subfield>
    <subfield code="b">AIMIT</subfield>
    <subfield code="d">2009-10-20</subfield>
    <subfield code="g">195.00</subfield>
    <subfield code="i">Bill no:9933; Bill dt:2009-10-13</subfield>
    <subfield code="l">0</subfield>
    <subfield code="o">651.7 MOHK</subfield>
    <subfield code="p">MBA06662</subfield>
    <subfield code="r">2026-05-23 00:00:00</subfield>
    <subfield code="v">146.25</subfield>
    <subfield code="w">2021-07-16</subfield>
    <subfield code="y">BK</subfield>
  </datafield>
  <datafield tag="952" ind1=" " ind2=" ">
    <subfield code="0">0</subfield>
    <subfield code="1">0</subfield>
    <subfield code="2">ddc</subfield>
    <subfield code="4">0</subfield>
    <subfield code="7">0</subfield>
    <subfield code="8">MBA</subfield>
    <subfield code="a">AIMIT</subfield>
    <subfield code="b">AIMIT</subfield>
    <subfield code="d">2009-10-20</subfield>
    <subfield code="g">195.00</subfield>
    <subfield code="i">Bill no:9933; Bill dt:2009-10-13</subfield>
    <subfield code="l">0</subfield>
    <subfield code="o">651.7 MOHK</subfield>
    <subfield code="p">MBA06663</subfield>
    <subfield code="r">2026-05-23 00:00:00</subfield>
    <subfield code="v">146.25</subfield>
    <subfield code="w">2021-07-16</subfield>
    <subfield code="y">BK</subfield>
  </datafield>
  <datafield tag="952" ind1=" " ind2=" ">
    <subfield code="0">0</subfield>
    <subfield code="1">0</subfield>
    <subfield code="2">ddc</subfield>
    <subfield code="4">0</subfield>
    <subfield code="7">3</subfield>
    <subfield code="8">MBA</subfield>
    <subfield code="a">AIMIT</subfield>
    <subfield code="b">AIMIT</subfield>
    <subfield code="d">2009-10-20</subfield>
    <subfield code="g">195.00</subfield>
    <subfield code="i">Bill no:9933; Bill dt:2009-10-13</subfield>
    <subfield code="l">0</subfield>
    <subfield code="o">651.7 MOHK</subfield>
    <subfield code="p">MBA06664</subfield>
    <subfield code="r">2025-07-21 00:00:00</subfield>
    <subfield code="v">146.25</subfield>
    <subfield code="w">2021-07-16</subfield>
    <subfield code="y">BK</subfield>
  </datafield>
  <datafield tag="952" ind1=" " ind2=" ">
    <subfield code="0">0</subfield>
    <subfield code="1">0</subfield>
    <subfield code="2">ddc</subfield>
    <subfield code="4">0</subfield>
    <subfield code="7">0</subfield>
    <subfield code="8">MBA</subfield>
    <subfield code="a">AIMIT</subfield>
    <subfield code="b">AIMIT</subfield>
    <subfield code="d">2009-10-20</subfield>
    <subfield code="g">195.00</subfield>
    <subfield code="i">Bill no:9933; Bill dt:2009-10-13</subfield>
    <subfield code="l">0</subfield>
    <subfield code="o">651.7 MOHK</subfield>
    <subfield code="p">MBA06665</subfield>
    <subfield code="r">2026-05-23 00:00:00</subfield>
    <subfield code="v">146.25</subfield>
    <subfield code="w">2021-07-16</subfield>
    <subfield code="y">BK</subfield>
  </datafield>
  <datafield tag="952" ind1=" " ind2=" ">
    <subfield code="0">0</subfield>
    <subfield code="1">0</subfield>
    <subfield code="2">ddc</subfield>
    <subfield code="4">0</subfield>
    <subfield code="7">0</subfield>
    <subfield code="8">MBA</subfield>
    <subfield code="a">AIMIT</subfield>
    <subfield code="b">AIMIT</subfield>
    <subfield code="d">2009-10-20</subfield>
    <subfield code="g">195.00</subfield>
    <subfield code="i">Bill no:9933; Bill dt:2009-10-13</subfield>
    <subfield code="l">0</subfield>
    <subfield code="o">651.7 MOHK</subfield>
    <subfield code="p">MBA06666</subfield>
    <subfield code="r">2026-05-23 00:00:00</subfield>
    <subfield code="v">146.25</subfield>
    <subfield code="w">2021-07-16</subfield>
    <subfield code="y">BK</subfield>
  </datafield>
  <datafield tag="952" ind1=" " ind2=" ">
    <subfield code="0">0</subfield>
    <subfield code="1">0</subfield>
    <subfield code="2">ddc</subfield>
    <subfield code="4">0</subfield>
    <subfield code="7">0</subfield>
    <subfield code="8">MBA</subfield>
    <subfield code="a">AIMIT</subfield>
    <subfield code="b">AIMIT</subfield>
    <subfield code="d">2009-10-20</subfield>
    <subfield code="g">195.00</subfield>
    <subfield code="i">Bill no:9933; Bill dt:2009-10-13</subfield>
    <subfield code="l">0</subfield>
    <subfield code="o">651.7 MOHK</subfield>
    <subfield code="p">MBA06667</subfield>
    <subfield code="r">2026-05-23 00:00:00</subfield>
    <subfield code="v">146.25</subfield>
    <subfield code="w">2021-07-16</subfield>
    <subfield code="y">BK</subfield>
  </datafield>
  <datafield tag="952" ind1=" " ind2=" ">
    <subfield code="0">0</subfield>
    <subfield code="1">0</subfield>
    <subfield code="2">ddc</subfield>
    <subfield code="4">0</subfield>
    <subfield code="7">0</subfield>
    <subfield code="8">MBA</subfield>
    <subfield code="a">AIMIT</subfield>
    <subfield code="b">AIMIT</subfield>
    <subfield code="d">2009-10-20</subfield>
    <subfield code="g">195.00</subfield>
    <subfield code="i">Bill no:9933; Bill dt:2009-10-13</subfield>
    <subfield code="l">0</subfield>
    <subfield code="o">651.7 MOHK</subfield>
    <subfield code="p">MBA06668</subfield>
    <subfield code="r">2026-05-23 00:00:00</subfield>
    <subfield code="v">146.25</subfield>
    <subfield code="w">2021-07-16</subfield>
    <subfield code="y">BK</subfield>
  </datafield>
  <datafield tag="952" ind1=" " ind2=" ">
    <subfield code="0">0</subfield>
    <subfield code="1">0</subfield>
    <subfield code="2">ddc</subfield>
    <subfield code="4">0</subfield>
    <subfield code="7">0</subfield>
    <subfield code="8">MBA</subfield>
    <subfield code="a">AIMIT</subfield>
    <subfield code="b">AIMIT</subfield>
    <subfield code="d">2009-10-20</subfield>
    <subfield code="g">195.00</subfield>
    <subfield code="i">Bill no:9933; Bill dt:2009-10-13</subfield>
    <subfield code="l">0</subfield>
    <subfield code="o">651.7 MOHK</subfield>
    <subfield code="p">MBA06669</subfield>
    <subfield code="r">2026-05-23 00:00:00</subfield>
    <subfield code="v">146.25</subfield>
    <subfield code="w">2021-07-16</subfield>
    <subfield code="y">BK</subfield>
  </datafield>
</record>
